Hardest GD Level for Each Letter A-Z - Statistics

General Stats
  • This quiz has been taken 44 times
    24 since last reset
  • The average score is 6 of 26
Answer Stats
Answer % Correct
A Amethyst
93%
B BOOBAWAMBA
79%
T Thinking Space II
79%
E Every End
64%
S Silent Clubstep
43%
N Nullscapes
36%
K Kyouki
29%
F Firework
21%
V Viprin UFO
21%
L LIMBO
14%
M Menace
14%
P poocubed
14%
Q qoUEO
14%
R Renevant
14%
D Deimos
7%
I IRIS
7%
J Jigsaw
7%
O ORDINARY
7%
U UNKNOWN
7%
W walter white
7%
Y Ykds1479ymdppr
7%
Z Zirconium Misery
7%
C CONVOLSION
0%
G Gaggatronda
0%
H Hitorigoto
0%
X Xtreme DoggieGD Map
0%
No matching quizzes found
Score Distribution
Percent of People with Each Score
Percentile by Number Answered
Your Score History
You have not taken this quiz since the last reset